000
00328nam a2200133 4500
008
181224b xxu||||| |||| 00| 0 eng d
020
_a
9780439254151
041
_a
eng
080
_a
371
100
_a
46
101
_a
EDU
245
_a
Scholastic Dictionary of Synonyms, Antonyms, and Homonyms
_c
Scholastic
942
_2
ddc
_c
BK
999
_c
53753
_d
53753